EU jako aktér v oblasti ochrany lidských práv
Sociálna politika ako prvopočiatok ochrany ľudských práv v Európskom spoločenstve. Volný pohyb pracujúcich. Pokroky v 70. a 80. rokoch. Jednotný európsky akt. Charta základných práv zamestnancov a sociálna klauzula Maastrichtskej zmluvy. Ľudské práva v Maastrichtskej zmluve. Amstredamská zmluva. Štr...
Guardado en:
| Autor principal: | |
|---|---|
| Formato: | Capítulo de libro |
| Lenguaje: | checo |
| Materias: | |
| Etiquetas: |
Sin Etiquetas, Sea el primero en etiquetar este registro!
|
MARC
| LEADER | 00000naa$a2200000$$$4500 | ||
|---|---|---|---|
| 001 | 0043834 | ||
| 005 | 20231114082322.4 | ||
| 041 | 0 | |a cze | |
| 044 | |a CZ | ||
| 245 | 1 | 0 | |a EU jako aktér v oblasti ochrany lidských práv |c Štěpánka Zemanová |
| 520 | |a Sociálna politika ako prvopočiatok ochrany ľudských práv v Európskom spoločenstve. Volný pohyb pracujúcich. Pokroky v 70. a 80. rokoch. Jednotný európsky akt. Charta základných práv zamestnancov a sociálna klauzula Maastrichtskej zmluvy. Ľudské práva v Maastrichtskej zmluve. Amstredamská zmluva. Štruktúra Charty základných práv Európskej únie. Ochrana základných práv v procese konštitucionalizácie EÚ. | ||
| 610 | 2 | 0 | |a ochrana ľudských práv |
| 610 | 2 | 0 | |a politika sociálna |
| 610 | 2 | 0 | |a Európska únia |
| 610 | 2 | 0 | |a integrácia ekonomická medzinárodná |
| 610 | 2 | 0 | |a pohyb ekonomický |
| 610 | 2 | 0 | |a pohyb síl pracovných medzinárodný |
| 610 | 2 | 0 | |a história |
| 610 | 2 | 0 | |a dohody medzinárodné |
| 610 | 2 | 0 | |a charta |
| 610 | 2 | 0 | |a práva ľudské |
| 100 | 1 | |a Zemanová, Štěpánka | |